Klientsky systém pre zadávanie úloh do Grid

Saved in:
Bibliographic Details
Main Author: Krajčo, Tomáš, 1982- (Author)
Other Authors: Bagala, Adrian, 1980- (Thesis advisor)
Format: Manuscript Book
Language:Slovak
Published: STU v Bratislave FIIT, 2009
Subjects:
Tags: Add Tag
No Tags, Be the first to tag this record!

MARC

LEADER 00000ntm a22000003a 4500
001 stu190613
005 20180416130528.5
008 090924s2009----xo------------------slo-d
040 |a STU  |b slo 
041 0 |a slo 
044 |a xo 
100 1 |a Krajčo, Tomáš,  |d 1982-  |4 aut  |u I100  |U FIIT Fakulta informatiky a informačných technológií  |T FIIT Ústav počítačových systémov a sietí  |X 21961  |U I100  |Y 178  |7 A000021961 
245 1 |a Klientsky systém pre zadávanie úloh do Grid 
260 |b STU v Bratislave FIIT,  |c 2009 
300 |a 131 s 
650 7 |a počítačové systémy a siete  |2 stusub 
700 1 |a Bagala, Adrian,  |d 1980-  |4 ths  |X 38101  |7 A000038101 
996 |c I*DP50/09  |l II680  |s P  |a 0  |w stu190613_0001